| 000 | 00470nam a2200217Ia 4500 | ||
|---|---|---|---|
| 003 | IT-RoPAU | ||
| 008 | 120407s9999 xx 000 0 und d | ||
| 040 | _aIT-RoPAU | ||
| 040 | _cIT-RoPAU | ||
| 041 | _aita | ||
| 100 | _aGianfranco Nolli | ||
| 245 | _aAppunti di mariologia dell’Antico Testamento. 2a ed. | ||
| 250 | _aRoma | ||
| 260 | _aMarianum | ||
| 260 | _c1963 | ||
| 300 | _a53 p. | ||
| 300 | _c24 cm | ||
| 490 | _v1 | ||
| 942 | _cBK | ||
| 999 |
_c35520 _d35520 |
||